Library of the University of Algiers 3
Ibrahim Sultan Cheibout
شعار جامعة الجزائر 3
مكتبة جامعة الجزائر 3
إبراهيم سلطان شيبوط

الإقتصاد السياسي / (رقم التسجيلة. 44156)

تفاصيل مارك
000 -LEADER
fixed length control field 01704nam a2200229Ia 4500
003 - CONTROL NUMBER IDENTIFIER
control field Ost
005 - DATE AND TIME OF LATEST TRANSACTION
control field 20260507075353.0
008 - FIXED-LENGTH DATA ELEMENTS--GENERAL INFORMATION
fixed length control field 260507s9999||||xx |||||||||||||| ||und||
020 ## - INTERNATIONAL STANDARD BOOK NUMBER
International Standard Book Number 96654499579
040 ## - CATALOGING SOURCE
Transcribing agency fsecg
041 ## - LANGUAGE CODE
Language code of text/sound track or separate title ara
082 ## - DEWEY DECIMAL CLASSIFICATION NUMBER
Classification number 330
100 ## - MAIN ENTRY--PERSONAL NAME
Personal name سلطان، اسماعيل محمد
Relator term مؤلف
245 #0 - TITLE STATEMENT
Title الإقتصاد السياسي /
Statement of responsibility, etc. اسماعيل محمد سلطان
260 ## - PUBLICATION, DISTRIBUTION, ETC.
Place of publication, distribution, etc. عمان:
Name of publisher, distributor, etc. دار الراية للنشر والتوزيع,
Date of publication, distribution, etc. 2013
300 ## - PHYSICAL DESCRIPTION
Extent 144 صفحة؛
Other physical details إيضاحات ؛
Dimensions 24 سم
520 ## - SUMMARY, ETC.
Summary, etc. مفاهيم إقتصادية- علاقة الإقتصاد السياسي بالتنمية السياسية والإقتصادية- التنمية الإقتصادية والتخطيط الإقتصادي- تجارب في حقل التخطيط والتنمية الإقتصادية وبناء الإقتصاد السياسي- كيفية بناء وتحقيق الإقتصاد السياسي والعوائق والمشكلات- تسيس الإقتصاد الخارجي والهيمنة والتبعية- الإقتصاد السياسي في النظام الإسلامي- العولمة الإقتصادية وآثارها على الإقتصاد السياسي- منظمة التجارة العالمية- الإقتصاد السياسي والعلاقات الدولية السياسية- الإقتصاد السياسي في العلاقات الدولية العامة الخارجية- الإقتصاد السياسي في العالم العربي- دور الإعلام في الإقتصاد السياسي
653 ## - INDEX TERM--UNCONTROLLED
Uncontrolled term الإقتصاد
653 ## - INDEX TERM--UNCONTROLLED
Uncontrolled term الإقتصاد السياسي
653 ## - INDEX TERM--UNCONTROLLED
Uncontrolled term السياسة
942 ## - ADDED ENTRY ELEMENTS (KOHA)
Koha item type كتب
المقتنيات
Withdrawn status Lost status Source of classification or shelving scheme Damaged status Not for loan Home library Current library Date acquired Serial enumeration / chronology Inventory number Total checkouts Full call number Barcode Date last seen Price effective from Koha item type
    Dewey Decimal Classification   NOT LOAN / إعارة داخلية مكتبة كلية العلوم الإقتصادية والعلوم التجارية وعلوم التسيير مكتبة كلية العلوم الإقتصادية والعلوم التجارية وعلوم التسيير 07/05/2026 الطابق الأرضي 25073   أ/4213ن1 25073 07/05/2026 07/05/2026 كتب
    Dewey Decimal Classification   Available مكتبة كلية العلوم الإقتصادية والعلوم التجارية وعلوم التسيير مكتبة كلية العلوم الإقتصادية والعلوم التجارية وعلوم التسيير 07/05/2026 الطابق الأرضي 25074   أ/4213ن2 25074 07/05/2026 07/05/2026 كتب
    Dewey Decimal Classification   Available مكتبة كلية العلوم الإقتصادية والعلوم التجارية وعلوم التسيير مكتبة كلية العلوم الإقتصادية والعلوم التجارية وعلوم التسيير 07/05/2026 الطابق الثاني 25075   أ/4213ن3 25075 07/05/2026 07/05/2026 كتب

موارد الويب المفتوحة


© University of Algiers 3 All Rights Reserved
|
Implemented by LECHELAH Riad